Test z wiedzy o Dawidzie Jasperze! PART 2 - Statystyki

Ogólne statystyki
  • Ten quiz został rozwiązany 30 razy
  • Średni wynik to 7 z 21
Statystyki odpowiedzi
Hint Odpowiedź % Poprawnych
D jak ...... Ryszard
85%
Uzupełnij: Tata mnie tak za ..... złapał szyję
70%
Ile lat miała dziewczynka, którą Dawid zgłosił na policje podczas streama? 3
55%
Prawdziwe imię taty Dawida Tadeusz
55%
Z ilu podpunktów składa się regulamin live? 15
50%
Strój którego superbohatera zakupił aby nagrywać w nim live? Deadpool
50%
Aktualnie najpopularniejszy shoterski kanał o tematyce Wójcikowej Kichal
45%
Nazwa słynnej nadmorskiej miejscowości, która jest okupowana co wakacje przez rodzinę Wójcików Ustka
45%
Imię dziewczyny Dawida, z którą był przez równo 1 dzień Agnieszka
40%
Ulica zamieszkania Dawida Warszawska
40%
Skąd była legendarna pizza? z Francji
35%
Dziewczyna Dawida, pochodząca z Ukrainy Karina
30%
Łysy streamer, który grał z Dawidem w CSGO i uczestnik wielu dram u Dawida Mr Dzinold
30%
Co dalej chce otworzyć w Łodzi, aby ludzie mogli grać w gry? Salę gamingową
25%
Na przełomie jakich lat miał miejsce prime Dawida? 2020 2021
20%
Do której godziny zazwyczaj powinien trwać live u Dawida? 23:59
20%
Do czego jest podobna głowa Dawida? do jajka
20%
Największy wróg Dawida Google Tłumacz
10%
Nazwa słynnej ulicy w Zakopanem Kroplówki
5%
Jaki był rekord oglądalności na transmisji na żywo Dawida? 70 tysięcy
0%
Imię i nazwisko dziewczynki, która została bezczelnie oszukana i zwyzywana przez Dawida, podczas zbierania dla niej pieniędzy Agatka Sobolewska
0%
Nie znaleziono quizów pasujących do podanych kryteriów
Rozkład punktacji
Procent ludzi z każdym wynikiem
Percentyl według liczby udzielonych odpowiedzi
Twoja historia wyników
Nie rozwiązałeś tego quizu